[Event "DOM-ch"]
[Site "Santo Domingo"]
[Date "2021.05.15"]
[Round "6"]
[White "Brito Rondon, Enmanuel De Jesus"]
[Black "Ortiz, Junior Renato"]
[Result "1-0"]
[WhiteElo "1986"]
[BlackElo "1834"]
[PlyCount "47"]
[EventDate "2021.05.07"]
[EventType "swiss"]
[EventRounds "11"]
[EventCountry "DOM"]
[SourceTitle "CBM 203 Extra"]
[Source "ChessBase"]
[SourceDate "2021.09.30"]
[SourceVersion "1"]
[SourceVersionDate "2021.09.30"]
[SourceQuality "1"]

1. e4 c5 2. d4 cxd4 3. c3 d3 4. Bxd3 Nc6 5. f4 d5 6. e5 g5 7. Nf3 Bg4 8. h3 Bxf3 9. Qxf3 e6 10. b4 gxf4 11. Bxf4 Bg7 12. Qg3 Bf8 13. 0-0 f5 14. exf6 Nxf6 15. b5 Nh5 16. Bg6+ hxg6 17. Qxg6+ Kd7 18. bxc6+ bxc6 19. Be5 Bc5+ 20. Kh1 Rf8 21. Nd2 Be3 22. Nc4 Qg5 23. Rf7+ Rxf7 24. Qxf7+ 1-0

[Event "DOM-ch"]
[Site "Santo Domingo"]
[Date "2021.05.14"]
[Round "5"]
[White "Brito Rondon, Enmanuel De Jesus"]
[Black "Rodriguez Garcia, Eduardo Manuel"]
[Result "0-1"]
[WhiteElo "1986"]
[BlackElo "1909"]
[PlyCount "112"]
[EventDate "2021.05.07"]
[EventType "swiss"]
[EventRounds "11"]
[EventCountry "DOM"]
[SourceTitle "CBM 203 Extra"]
[Source "ChessBase"]
[SourceDate "2021.09.30"]
[SourceVersion "1"]
[SourceVersionDate "2021.09.30"]
[SourceQuality "1"]

1. c4 e5 2. Nc3 Nf6 3. Nf3 Nc6 4. g3 Bb4 5. Qc2 Bxc3 6. Qxc3 Qe7 7. Bg2 0-0 8. 0-0 h6 9. d3 Re8 10. e4 a5 11. a3 a4 12. Be3 Na5 13. h3 Nb3 14. Rad1 c5 15. Nh4 Nd4 16. Kh2 d6 17. Qd2 Nb3 18. Qc3 Nd4 19. Qd2 Nb3 20. Qe1 Nd4 21. Bxd4 cxd4 22. f4 g6 23. Rd2 Nd7 24. Rdf2 Rf8 25. f5 g5 26. f6 Qe6 27. Nf5 Qxf6 28. Nxd4 Qg6 29. Nf5 Kh7 30. Ne7 Qg7 31. Qe2 Nc5 32. Nd5 Be6 33. Nf6+ Kh8 34. Nh5 Qh7 35. g4 Rac8 36. Rf6 Nd7 37. Qf3 Rfe8 38. Qf2 Red8 39. Qa7 Nxf6 40. Nxf6 Qg7 41. Qxa4 Qf8 42. Nh5 Qe7 43. Rf6 Kh7 44. Qd1 Rg8 45. Rf2 Rg6 46. Qf1 Rf8 47. b4 Ra8 48. Qa1 Ra4 49. Bf3 b5 50. Bd1 Qa7 51. Bxa4 Qxf2+ 52. Kh1 bxa4 53. Qd1 Qb2 54. Qxa4 Qc1+ 55. Kh2 Qd2+ 56. Kg1 Qxd3 0-1

[Event "DOM-ch"]
[Site "Santo Domingo"]
[Date "2021.05.08"]
[Round "2"]
[White "Brito Rondon, Enmanuel De Jesus"]
[Black "Eusebio Perez, Hector Eduardo"]
[Result "1/2-1/2"]
[WhiteElo "1986"]
[BlackElo "2176"]
[PlyCount "117"]
[EventDate "2021.05.07"]
[EventType "swiss"]
[EventRounds "11"]
[EventCountry "DOM"]
[SourceTitle "CBM 203 Extra"]
[Source "ChessBase"]
[SourceDate "2021.09.30"]
[SourceVersion "1"]
[SourceVersionDate "2021.09.30"]
[SourceQuality "1"]

1. c4 e6 2. Nc3 d5 3. cxd5 exd5 4. g3 Nf6 5. Bg2 Be7 6. d3 0-0 7. Nf3 b6 8. 0-0 Bb7 9. Nd4 Qd7 10. Bf4 c5 11. Nf3 d4 12. Ne5 Qc8 13. Nb5 Bxg2 14. Kxg2 Nc6 15. Nf3 Nd5 16. Bd6 Re8 17. Bxe7 Rxe7 18. Qd2 Qg4 19. h3 Qg6 20. Rae1 Rae8 21. Kh2 a6 22. Na3 Ncb4 23. Nc2 Nxc2 24. Qxc2 Nb4 25. Qa4 b5 26. Qd1 Nxa2 27. Qd2 Qd6 28. Ng5 Qd5 29. Qf4 c4 30. dxc4 Qxc4 31. Rd1 h6 32. Nf3 Re4 33. Qd6 Qxe2 34. Kg2 Qxb2 35. Qxa6 Nc3 36. Rxd4 Rxd4 37. Nxd4 Qb4 38. Qc6 Rb8 39. Qc7 Re8 40. Qc6 Rd8 41. Nf3 Nd5 42. Qb7 Qb2 43. Kg1 Qf6 44. Nh2 Nc3 45. Ng4 Qe6 46. Kh2 Qd5 47. Qb6 Qd4 48. Qc7 Re8 49. Qc6 Re6 50. Qf3 b4 51. Ra1 Re8 52. Qc6 Rb8 53. Qc7 Qb6 54. Qc4 Qe6 55. Qf4 Qe8 56. Ne5 Nd5 57. Qf5 Ne7 58. Qf3 b3 59. Rb1 1/2-1/2

[Event "Santo Domingo op 08"]
[Site "Santo Domingo"]
[Date "2019.08.14"]
[Round "4"]
[White "Brito Rondon, Enmanuel De Jesus"]
[Black "Mejia, Juan Alberto"]
[Result "1-0"]
[WhiteElo "1953"]
[BlackElo "1870"]
[PlyCount "65"]
[EventDate "2019.08.12"]
[EventType "swiss"]
[EventRounds "8"]
[EventCountry "DOM"]
[SourceTitle "EXT 2020"]
[Source "ChessBase"]
[SourceDate "2019.10.17"]
[SourceVersion "1"]
[SourceVersionDate "2019.10.17"]
[SourceQuality "1"]

1. d4 Nf6 2. e3 e6 3. f4 c5 4. Nf3 b6 5. Bd3 Bb7 6. c3 Be7 7. Nbd2 cxd4 8. exd4 d6 9. 0-0 Nbd7 10. Qe2 Qc7 11. a4 0-0 12. a5 Rfe8 13. a6 Bc6 14. b4 Rac8 15. Bb2 Bf8 16. Ne5 Ba8 17. b5 g6 18. Nef3 Bg7 19. c4 Nh5 20. Ng5 h6 21. Nge4 d5 22. Ng3 Nxg3 23. hxg3 Qd6 24. Kh2 h5 25. Rfc1 dxc4 26. Nxc4 Qd5 27. Ne5 Nxe5 28. dxe5 Bh6 29. Rd1 Qb3 30. Ba3 Rc3 31. Bd6 h4 32. Ra3 hxg3+ 33. Kxg3 1-0

[Event "Santo Domingo op 08"]
[Site "Santo Domingo"]
[Date "2019.08.13"]
[Round "3"]
[White "Henriquez, Roberto"]
[Black "Brito Rondon, Enmanuel De Jesus"]
[Result "1-0"]
[WhiteElo "1805"]
[BlackElo "1953"]
[PlyCount "72"]
[EventDate "2019.08.12"]
[EventType "swiss"]
[EventRounds "8"]
[EventCountry "DOM"]
[SourceTitle "EXT 2020"]
[Source "ChessBase"]
[SourceDate "2019.10.17"]
[SourceVersion "1"]
[SourceVersionDate "2019.10.17"]
[SourceQuality "1"]

1. c4 e5 2. Nc3 Nf6 3. g3 Bc5 4. e3 Nc6 5. Bg2 d6 6. Nge2 Qe7 7. a3 a5 8. 0-0 e4 9. d4 exd3 10. Qxd3 Ne5 11. Qc2 c6 12. b3 Bg4 13. Nd4 0-0 14. Bb2 Bxd4 15. exd4 Nf3+ 16. Bxf3 Bxf3 17. Qd3 Bg4 18. Rfe1 Qd7 19. f3 Bf5 20. Re3 Rfe8 21. Rae1 Rxe3 22. Rxe3 Re8 23. c5 h6 24. Qe2 Rxe3 25. Qxe3 Bc2 26. b4 axb4 27. axb4 Qf5 28. b5 Bd3 29. bxc6 bxc6 30. Kg2 Ba6 31. Bc1 h5 32. h3 Kh7 33. g4 Qg6 34. Kg3 Bc8 35. Ne2 dxc5 36. Nf4 Qh6 1-0

[Event "DOM-ch"]
[Site "Santo Domingo"]
[Date "2018.04.28"]
[Round "7"]
[White "Arias Diaz, Ernesto Antonio"]
[Black "Brito Rondon, Enmanuel De Jesus"]
[Result "0-1"]
[WhiteElo "1842"]
[BlackElo "1991"]
[PlyCount "86"]
[EventDate "2018.04.20"]
[EventType "swiss"]
[EventRounds "11"]
[EventCountry "DOM"]
[SourceTitle "CBM 184 Extra"]
[Source "ChessBase"]
[SourceDate "2018.06.28"]
[SourceVersion "1"]
[SourceVersionDate "2018.06.28"]
[SourceQuality "1"]

1. e4 d6 2. Nc3 g6 3. b3 Bg7 4. Bb2 Nf6 5. f3 c5 6. Nd5 Nbd7 7. Bb5 0-0 8. Ne2 Ne5 9. Bxe5 dxe5 10. Nec3 Be6 11. Bc4 a6 12. a4 Ne8 13. a5 Rb8 14. Qe2 Nd6 15. 0-0 Nxc4 16. Qxc4 Bxd5 17. Qxd5 Qc7 18. Qc4 e6 19. Na4 Qxa5 20. Nc3 Qc7 21. Qe2 Qd6 22. Kh1 Rfd8 23. d3 Qd4 24. Qe1 Rbc8 25. Ra5 Bf8 26. h3 Ra8 27. Ra2 Be7 28. Qa1 Qe3 29. Qe1 Qh6 30. Qg3 Qf4 31. Ne2 Qg5 32. Rfa1 Qh6 33. Qf2 Qd2 34. Qe1 Qh6 35. Qf2 Rac8 36. Ra5 Qd2 37. R5a2 Kg7 38. Qe1 Qe3 39. Nc3 Qxe1+ 40. Rxe1 c4 41. dxc4 Bb4 42. Re3 Rd2 43. Kg1 Bc5 0-1

[Event "DOM-ch"]
[Site "Santo Domingo"]
[Date "2018.04.20"]
[Round "1"]
[White "Brito Rondon, Enmanuel De Jesus"]
[Black "Polanco Nunez, Yoel Estarling"]
[Result "0-1"]
[WhiteElo "1991"]
[BlackElo "2186"]
[PlyCount "138"]
[EventDate "2018.04.20"]
[EventType "swiss"]
[EventRounds "11"]
[EventCountry "DOM"]
[SourceTitle "CBM 184 Extra"]
[Source "ChessBase"]
[SourceDate "2018.06.28"]
[SourceVersion "1"]
[SourceVersionDate "2018.06.28"]
[SourceQuality "1"]

1. d4 d5 2. Nf3 Nf6 3. g3 g6 4. Bg2 Bg7 5. 0-0 0-0 6. c4 c6 7. cxd5 cxd5 8. Nc3 Nc6 9. Bg5 Ne4 10. Be3 Nxc3 11. bxc3 Bf5 12. Nh4 Be6 13. f4 Qd7 14. Rf2 Na5 15. Qd3 f5 16. Nf3 Rac8 17. Ne5 Qc7 18. Bd2 Rfe8 19. Rc1 Nc4 20. h4 Nxe5 21. fxe5 Qc4 22. Qxc4 Rxc4 23. Rb1 b6 24. Rb2 Ra4 25. Rf1 Bc8 26. Ra1 Ba6 27. Kf2 e6 28. e3 Bf8 29. Bf1 Bxf1 30. Kxf1 h5 31. Ke2 Rc8 32. Kd3 Rcc4 33. Be1 Be7 34. Bd2 Rc8 35. Rh1 Kf7 36. Ke2 Ke8 37. Rc2 b5 38. Rhc1 a6 39. Kd3 Kd7 40. Rb1 Rg8 41. Rh1 Bd8 42. Be1 Ba5 43. Rhh2 Rc4 44. Rhe2 Rgc8 45. Rg2 Bd8 46. Rgd2 Kc6 47. Rg2 Be7 48. Rge2 Kb6 49. Rg2 a5 50. Rge2 a4 51. Rg2 Ba3 52. Rge2 Be7 53. Rg2 a3 54. Rge2 Ka5 55. Rg2 Ka4 56. Rge2 Bf8 57. Rg2 Bh6 58. Rge2 R8c7 59. Rg2 b4 60. Rge2 b3 61. axb3+ Kxb3 62. Bd2 a2 63. Re1 Bxe3 64. Ra1 Bxd2 65. Kxd2 Rxd4+ 66. Kc1 Rxc3 67. Rxc3+ Kxc3 68. Rxa2 Rc4 69. Ra6 Kd4+ 0-1

[Event "Santo Domingo Duarte Memorial 7th"]
[Site "Santo Domingo"]
[Date "2018.01.20"]
[Round "7"]
[White "Brito Rondon, Enmanuel De Jesus"]
[Black "Diaz, Eugenio Daniel"]
[Result "0-1"]
[WhiteElo "2010"]
[BlackElo "1906"]
[PlyCount "200"]
[EventDate "2018.01.12"]
[EventType "swiss"]
[EventRounds "8"]
[EventCountry "DOM"]
[SourceTitle "CBM 182 Extra"]
[Source "ChessBase"]
[SourceDate "2018.02.23"]
[SourceVersion "1"]
[SourceVersionDate "2018.02.23"]
[SourceQuality "1"]

1. c4 e5 2. Nc3 d6 3. g3 Nf6 4. Nf3 Be7 5. Bg2 h6 6. d3 Be6 7. 0-0 c6 8. Rb1 Nbd7 9. b4 Qc7 10. a4 d5 11. Nd2 0-0 12. a5 Rfd8 13. a6 bxa6 14. Qa4 Rab8 15. c5 a5 16. Ba3 axb4 17. Bxb4 Nxc5 18. Qa3 Nfd7 19. Na4 Rxb4 20. Qxb4 Kf8 21. Nxc5 Bxc5 22. Qa4 Bb6 23. Rfc1 c5 24. e4 Nf6 25. exd5 Bxd5 26. Ne4 Nxe4 27. dxe4 Bc6 28. Qa3 Qe7 29. Qa6 Bb7 30. Qe2 Qg5 31. Rd1 Rd4 32. Kh1 g6 33. Rxd4 exd4 34. f4 Qe7 35. e5 Bxg2+ 36. Qxg2 Qe6 37. Qe4 Qf5 38. Qa8+ Kg7 39. Rf1 Qe6 40. Qe4 h5 41. Kg1 Qf5 42. Qd5 Qe6 43. Qe4 Qf5 44. Qd5 Qd3 45. Kg2 c4 46. e6 Qe2+ 47. Rf2 Qxe6 48. Qa8 d3 49. f5 gxf5 50. Rf4 d2 51. Qf3 c3 52. Qxc3+ Kg6 53. Qxd2 Be3 54. Qd8 Bxf4 55. Qg8+ Kf6 56. Qd8+ Kg7 57. gxf4 Qe4+ 58. Kg1 Qxf4 59. Qa5 Qe3+ 60. Kg2 Kg6 61. Qa6+ Kg5 62. Qa1 Qe2+ 63. Kg1 Kf4 64. Qd4+ Kf3 65. Qd5+ Qe4 66. Qd1+ Ke3 67. Qc1+ Kd3 68. Qa3+ Kc4 69. Qa2+ Kb5 70. Qxa7 Qe1+ 71. Kg2 Qd2+ 72. Kf1 Qd1+ 73. Kg2 Qg4+ 74. Kf1 Qf4+ 75. Kg2 Qe4+ 76. Kf1 Qh1+ 77. Ke2 Qxh2+ 78. Kf1 Qf4+ 79. Kg2 Qe4+ 80. Kf1 Qe6 81. Qb8+ Kc5 82. Qf8+ Kd5 83. Qa8+ Kd6 84. Qd8+ Kc5 85. Qf8+ Kc4 86. Qh8 Qg6 87. Qc8+ Kd5 88. Qd7+ Ke4 89. Qb7+ Kf4 90. Qb4+ Kg5 91. Qe7+ f6 92. Qe3+ f4 93. Qc5+ Qf5 94. Qg1+ Qg4 95. Qc5+ Kh4 96. Qf8 Kg3 97. Qd6 f5 98. Qd7 h4 99. Qd3+ Qf3+ 100. Ke1 Qe3+ 0-1

[Event "Santo Domingo Duarte Memorial 7th"]
[Site "Santo Domingo"]
[Date "2018.01.19"]
[Round "5"]
[White "Brito Rondon, Enmanuel De Jesus"]
[Black "Campusano Espinosa, Zoilo Nelson"]
[Result "1-0"]
[WhiteElo "2010"]
[BlackElo "2093"]
[PlyCount "73"]
[EventDate "2018.01.12"]
[EventType "swiss"]
[EventRounds "8"]
[EventCountry "DOM"]
[SourceTitle "CBM 182 Extra"]
[Source "ChessBase"]
[SourceDate "2018.02.23"]
[SourceVersion "1"]
[SourceVersionDate "2018.02.23"]
[SourceQuality "1"]

1. c4 Nf6 2. Nc3 c5 3. g3 Nc6 4. Bg2 g6 5. Nf3 Bg7 6. 0-0 0-0 7. d3 d6 8. Rb1 Bd7 9. a3 a5 10. Bg5 h6 11. Bd2 Rb8 12. Ne1 e5 13. Nc2 Nd4 14. a4 Bc6 15. e4 Ne6 16. b3 h5 17. Ne2 Ng4 18. h3 Nh6 19. f4 f5 20. Qe1 b6 21. Rd1 Qe8 22. Nc3 exf4 23. gxf4 Bxc3 24. Bxc3 fxe4 25. dxe4 Nxf4 26. Qe3 g5 27. Rxd6 Kh7 28. Rxf4 Rxf4 29. Qd3 Rc8 30. e5+ Nf5 31. Ne3 Bxg2 32. Kxg2 Qf8 33. Rf6 Rd8 34. Nd5 Qg8 35. e6 g4 36. h4 Qe8 37. Rxf5 1-0

[Event "DOM-chT"]
[Site "Santiago de los Caballeros"]
[Date "2017.08.18"]
[Round "3.3"]
[White "Camacho Campusano, David Daniel"]
[Black "Brito Rondon, Enmanuel De Jesus"]
[Result "1-0"]
[WhiteElo "2145"]
[BlackElo "2044"]
[PlyCount "101"]
[EventDate "2017.08.17"]
[EventType "team-swiss"]
[EventRounds "6"]
[EventCountry "DOM"]
[SourceTitle "EXT 2019"]
[Source "ChessBase"]
[SourceDate "2018.10.10"]
[SourceVersion "1"]
[SourceVersionDate "2018.10.10"]
[SourceQuality "1"]
[WhiteTeam "Therrestra Espaillat"]
[BlackTeam "Santo Domingo"]
[WhiteTeamCountry "DOM"]
[BlackTeamCountry "DOM"]

1. Nf3 Nf6 2. g3 g6 3. Bg2 Bg7 4. 0-0 0-0 5. d4 d6 6. c4 Na6 7. Nc3 c5 8. e4 Be6 9. d5 Bg4 10. h3 Bd7 11. Re1 e5 12. dxe6 Bxe6 13. Qe2 Nd7 14. Bf4 Ne5 15. Bxe5 dxe5 16. Rad1 Qa5 17. a3 h6 18. Nd5 Kh7 19. Qd2 Qxd2 20. Rxd2 Rad8 21. Red1 Nb8 22. b4 cxb4 23. axb4 Nc6 24. b5 Nd4 25. Nxd4 exd4 26. f4 Rc8 27. Bf1 Bxd5 28. cxd5 Rfe8 29. e5 f6 30. e6 f5 31. Bg2 Rcd8 32. Ra2 Rd6 33. Rxa7 Re7 34. Ra4 Bf6 35. Kf1 h5 36. Ke2 h4 37. g4 fxg4 38. hxg4 g5 39. f5 Rc7 40. Be4 Kg7 41. Ra2 Rc3 42. Rd3 Rc5 43. Rb3 Rc7 44. Kd2 Be5 45. Rc2 Re7 46. Rc8 Rb6 47. Kd3 h3 48. Bh1 h2 49. Ke4 Bf6 50. Rh3 Rxb5 51. Rhh8 1-0

[Event "DOM-ch"]
[Site "Santo Domingo"]
[Date "2017.04.29"]
[Round "7"]
[White "Puntier Andujar, Fausto Jiovanny"]
[Black "Brito Rondon, Enmanuel De Jesus"]
[Result "1-0"]
[WhiteElo "2107"]
[BlackElo "2001"]
[PlyCount "73"]
[EventDate "2017.04.21"]
[EventType "swiss"]
[EventRounds "11"]
[EventCountry "DOM"]
[SourceTitle "CBM 178 Extra"]
[Source "ChessBase"]
[SourceDate "2017.06.22"]
[SourceVersion "1"]
[SourceVersionDate "2017.06.22"]
[SourceQuality "1"]

1. e4 e5 2. Nf3 Nf6 3. Nxe5 d6 4. Nf3 Nxe4 5. Nc3 Nxc3 6. dxc3 Be7 7. Bf4 0-0 8. Qd2 Nd7 9. 0-0-0 Nc5 10. Nd4 d5 11. f3 c6 12. h4 a5 13. h5 a4 14. g4 a3 15. b3 Ne6 16. Be3 Nxd4 17. Bxd4 Re8 18. Bh3 c5 19. Bf2 Be6 20. f4 c4 21. Kb1 cxb3 22. cxb3 f6 23. f5 Bf7 24. Bg2 Rc8 25. Rhe1 Qa5 26. Bxd5 Red8 27. Bxf7+ Kxf7 28. Bd4 Rd7 29. Qe3 Rc6 30. h6 Qd5 31. hxg7 Qg2 32. Rd2 Qxg4 33. g8Q+ Qxg8 34. Bc5 Qd8 35. Qh6 Rxc5 36. Qxh7+ Kf8 37. Rg1 1-0

[Event "DOM-ch"]
[Site "Santo Domingo"]
[Date "2017.04.28"]
[Round "5"]
[White "Campusano Espinosa, Zoilo Nelson"]
[Black "Brito Rondon, Enmanuel De Jesus"]
[Result "0-1"]
[WhiteElo "2141"]
[BlackElo "2001"]
[PlyCount "92"]
[EventDate "2017.04.21"]
[EventType "swiss"]
[EventRounds "11"]
[EventCountry "DOM"]
[SourceTitle "CBM 178 Extra"]
[Source "ChessBase"]
[SourceDate "2017.06.22"]
[SourceVersion "1"]
[SourceVersionDate "2017.06.22"]
[SourceQuality "1"]

1. e4 c5 2. Nf3 d6 3. d4 cxd4 4. Nxd4 Nf6 5. Nc3 a6 6. Be3 e5 7. Nb3 Be7 8. Be2 0-0 9. a4 Be6 10. 0-0 Nbd7 11. f4 exf4 12. Bxf4 Ne5 13. Nd4 Bd7 14. Kh1 Rc8 15. Nf5 Bxf5 16. exf5 Qb6 17. Ra3 Qa5 18. Rb3 Rc7 19. Be3 Ned7 20. Bf3 Nc5 21. Bxc5 Qxc5 22. Rxb7 Rxb7 23. Bxb7 Rb8 24. Bf3 Rxb2 25. Qd3 Bf8 26. h3 Rb4 27. Ne2 Rxa4 28. c3 Ra3 29. Rb1 d5 30. Rd1 h5 31. Bxd5 h4 32. Bf3 Qe5 33. Qd4 Qxd4 34. Rxd4 Ra1+ 35. Kh2 a5 36. Rxh4 a4 37. Rd4 a3 38. Rd8 a2 39. Ra8 Kh7 40. g4 Rf1 41. Rxa2 Rxf3 42. Kg2 Re3 43. Rc2 Bc5 44. Nd4 Ne4 45. Nb5 Rg3+ 46. Kh2 Bg1+ 0-1

[Event "DOM-ch"]
[Site "Santo Domingo"]
[Date "2017.04.22"]
[Round "2"]
[White "Brito Rondon, Enmanuel De Jesus"]
[Black "Mendez, Ruddy Antonio"]
[Result "0-1"]
[WhiteElo "2001"]
[BlackElo "2088"]
[PlyCount "70"]
[EventDate "2017.04.21"]
[EventType "swiss"]
[EventRounds "11"]
[EventCountry "DOM"]
[SourceTitle "CBM 178 Extra"]
[Source "ChessBase"]
[SourceDate "2017.06.22"]
[SourceVersion "1"]
[SourceVersionDate "2017.06.22"]
[SourceQuality "1"]

1. d4 Nf6 2. Nf3 c5 3. g3 b6 4. Bg2 Bb7 5. 0-0 e6 6. b3 Be7 7. Bb2 0-0 8. c4 Na6 9. Nbd2 Nb4 10. Re1 d6 11. a3 Nc6 12. e4 cxd4 13. Nxd4 Nxd4 14. Bxd4 Qc7 15. Rc1 Rfd8 16. g4 Nd7 17. Rc3 e5 18. Be3 Nf8 19. Nf1 Ne6 20. Ng3 g6 21. Nf5 gxf5 22. gxf5 Nf4 23. Bxf4 exf4 24. Qh5 f6 25. Rh3 Bf8 26. Qg4+ Kh8 27. Qxf4 Rd7 28. Ree3 d5 29. Qh4 Rg7 30. Qxf6 dxe4 31. Rhg3 Bc5 32. Re1 Rf8 33. Qh6 Rxf5 34. Re2 Rxg3 35. hxg3 Qxg3 0-1

[Event "Santo Domingo op"]
[Site "Santo Domingo"]
[Date "2017.04.09"]
[Round "7"]
[White "Pena Ramirez, Ambiorix"]
[Black "Brito Rondon, Enmanuel De Jesus"]
[Result "0-1"]
[WhiteElo "2012"]
[BlackElo "2001"]
[PlyCount "48"]
[EventDate "2017.04.01"]
[EventType "swiss"]
[EventRounds "7"]
[EventCountry "DOM"]
[SourceTitle "CBM 177 Extra"]
[Source "ChessBase"]
[SourceDate "2017.04.27"]
[SourceVersion "1"]
[SourceVersionDate "2017.04.27"]
[SourceQuality "1"]

1. d4 Nf6 2. Nf3 d5 3. Bf4 e6 4. e3 Be7 5. Bd3 0-0 6. h3 c5 7. c3 Nc6 8. 0-0 Ne4 9. Ne5 f5 10. Nd2 Nxe5 11. dxe5 c4 12. Nxe4 fxe4 13. Bc2 Bd7 14. f3 Bc5 15. fxe4 Rxf4 16. Rxf4 Bxe3+ 17. Rf2 Bxf2+ 18. Kxf2 Qb6+ 19. Kg3 Qxb2 20. Rc1 Qxc3+ 21. Kh2 Qxe5+ 22. Kh1 d4 23. Qg4 Rf8 24. Qh4 Qf4 0-1

[Event "Santo Domingo op"]
[Site "Santo Domingo"]
[Date "2017.04.01"]
[Round "2"]
[White "Novas Gomez, Mario de Jesus"]
[Black "Brito Rondon, Enmanuel De Jesus"]
[Result "0-1"]
[WhiteElo "1727"]
[BlackElo "2001"]
[PlyCount "64"]
[EventDate "2017.04.01"]
[EventType "swiss"]
[EventRounds "7"]
[EventCountry "DOM"]
[SourceTitle "CBM 177 Extra"]
[Source "ChessBase"]
[SourceDate "2017.04.27"]
[SourceVersion "1"]
[SourceVersionDate "2017.04.27"]
[SourceQuality "1"]

1. e4 Nf6 2. e5 Nd5 3. Nf3 d6 4. d4 Nb6 5. Bd3 g6 6. exd6 cxd6 7. 0-0 Bg7 8. c3 0-0 9. h3 Nc6 10. Bf4 a5 11. Nbd2 a4 12. Qc2 e5 13. dxe5 dxe5 14. Bh2 f5 15. Bc4+ Kh8 16. Kh1 e4 17. Ng1 Ne5 18. Be2 Qe7 19. Rfe1 Qc5 20. f3 e3 21. Nf1 f4 22. Qe4 g5 23. g4 Bd7 24. Rad1 Bc6 25. Qc2 Rad8 26. Kg2 Ng6 27. Rd3 Nh4+ 28. Kh1 Nc4 29. Red1 Rxd3 30. Rxd3 Ne5 31. Rd1 Nexf3 32. Nxf3 Nxf3 0-1

[Event "Santo Domingo Autumn op"]
[Site "Santo Domingo"]
[Date "2016.10.07"]
[Round "8"]
[White "Coronado Paulino, Katerine E"]
[Black "Brito Rondon, Enmanuel De Jesus"]
[Result "0-1"]
[WhiteElo "1773"]
[BlackElo "2016"]
[PlyCount "100"]
[EventDate "2016.10.07"]
[EventType "swiss"]
[EventRounds "8"]
[EventCountry "DOM"]
[SourceTitle "CBM 175 Extra"]
[Source "ChessBase"]
[SourceDate "2016.12.12"]
[SourceVersion "1"]
[SourceVersionDate "2016.12.12"]
[SourceQuality "1"]

1. e4 Nf6 2. Nc3 d6 3. Bc4 g6 4. d3 Bg7 5. Nf3 Bg4 6. h3 Bxf3 7. Qxf3 Nbd7 8. Bf4 0-0 9. Qe3 Re8 10. Bh6 Bh8 11. h4 Ng4 12. Qf4 Nxh6 13. Qxh6 Bg7 14. Qf4 e6 15. 0-0-0 b5 16. Bb3 a5 17. a4 b4 18. Nb5 Be5 19. Qe3 Qf6 20. g3 Bxb2+ 21. Kd2 Bc3+ 22. Ke2 Rac8 23. d4 e5 24. Nxc3 bxc3 25. Qxc3 exd4 26. Qxd4 Ne5 27. f4 Ng4 28. Kf3 h5 29. Rhe1 Qe7 30. Rd2 Rb8 31. Rde2 c5 32. Qd3 Rb4 33. Bd5 Qf6 34. Kg2 c4 35. Bxc4 Rc8 36. Bb3 Rc3 37. Qd5 Rc5 38. Qa8+ Kg7 39. Qe8 Rc3 40. Qa8 Qd4 41. Qxa5 Rbxb3 42. cxb3 Qd3 43. Qxc3+ Qxc3 44. e5 dxe5 45. fxe5 Qxb3 46. e6 fxe6 47. Rxe6 Qxa4 48. Re7+ Kh6 49. R1e2 Qc6+ 50. Kg1 Qf3 0-1

[Event "Santo Domingo U2080 op"]
[Site "Santo Domingo"]
[Date "2016.06.11"]
[Round "2"]
[White "Brito Rondon, Enmanuel De Jesus"]
[Black "Delmonte Arias, Nelson"]
[Result "0-1"]
[WhiteElo "2044"]
[BlackElo "1865"]
[PlyCount "104"]
[EventDate "2016.06.10"]
[EventType "swiss"]
[EventRounds "8"]
[EventCountry "DOM"]
[SourceTitle "CBM 172 Extra"]
[Source "ChessBase"]
[SourceDate "2016.06.21"]
[SourceVersion "1"]
[SourceVersionDate "2016.06.21"]
[SourceQuality "1"]

1. c4 Nf6 2. Nc3 g6 3. e4 d6 4. d4 Bg7 5. f3 0-0 6. Be3 c5 7. Nge2 Nc6 8. Qd2 cxd4 9. Nxd4 Bd7 10. Be2 Rc8 11. 0-0-0 Ne5 12. b3 Qa5 13. Kb1 a6 14. Nd5 Qd8 15. Nc3 Kh8 16. Bh6 Rg8 17. Bxg7+ Kxg7 18. h3 Qa5 19. f4 Nc6 20. g4 b5 21. g5 Ne8 22. Rc1 e5 23. Nxc6 Bxc6 24. f5 gxf5 25. exf5 Bxh1 26. Rxh1 bxc4 27. bxc4 Qb4+ 28. Ka1 Rxc4 29. Bxc4 Qxc4 30. Rc1 f6 31. gxf6+ Nxf6 32. Qxd6 Qf7 33. Qxe5 Re8 34. Qd6 Qe7 35. Qxa6 Qe3 36. Qf1 Kh8 37. h4 Rc8 38. Kb2 Qd2+ 39. Kb3 Nd5 40. Nxd5 Rxc1 41. Qxc1 Qxc1 42. Nc3 Qh1 43. a4 Qxh4 44. a5 Qf6 45. Kb4 Qd4+ 46. Kb3 h5 47. Nb5 Qd3+ 48. Kb4 Qxf5 49. a6 Qf8+ 50. Ka5 Qd8+ 51. Kb4 h4 52. a7 h3 0-1

[Event "DOM-ch"]
[Site "Santo Domingo"]
[Date "2016.04.10"]
[Round "8"]
[White "Brito Rondon, Enmanuel De Jesus"]
[Black "Velez Espiritusantos, Brunildo E"]
[Result "0-1"]
[WhiteElo "1979"]
[BlackElo "1994"]
[PlyCount "94"]
[EventDate "2016.04.01"]
[EventType "swiss"]
[EventRounds "11"]
[EventCountry "DOM"]
[SourceTitle "CBM 171 Extra"]
[Source "ChessBase"]
[SourceDate "2016.04.26"]
[SourceVersion "1"]
[SourceVersionDate "2016.04.26"]
[SourceQuality "1"]

1. c4 c5 2. Nc3 Nc6 3. Nf3 Nf6 4. d4 cxd4 5. Nxd4 d6 6. e4 Bd7 7. Be2 g6 8. Be3 Bg7 9. f3 a6 10. Qd2 Rc8 11. 0-0 0-0 12. b3 Nxd4 13. Bxd4 Bc6 14. Rac1 Ne8 15. Rfd1 Bxd4+ 16. Qxd4 Ng7 17. f4 Qa5 18. g4 Rcd8 19. h4 h5 20. Nd5 Bxd5 21. exd5 Qxa2 22. Qd3 hxg4 23. Bxg4 Qb2 24. Rc3 b5 25. Rd2 Qa1+ 26. Rd1 Qb2 27. Rb1 Qa2 28. Rf1 bxc4 29. bxc4 Rb8 30. Ra3 Qb2 31. Rf2 Qf6 32. Qh3 Rb1+ 33. Kg2 Rb2 34. Raf3 Rfb8 35. f5 Rxf2+ 36. Rxf2 Rb2 37. Be2 Nxf5 38. h5 Qg5+ 39. Kh2 Kg7 40. hxg6 fxg6 41. Qc3+ Qf6 42. Qd3 Qe5+ 43. Kg2 Nd4 44. Bf1 Rxf2+ 45. Kxf2 Qf5+ 46. Ke3 Qxd3+ 47. Bxd3 Nb3 0-1

[Event "DOM-ch"]
[Site "Santo Domingo"]
[Date "2016.04.01"]
[Round "1"]
[White "Lugo Matos, Richards Reynier"]
[Black "Brito Rondon, Enmanuel De Jesus"]
[Result "1-0"]
[WhiteElo "2171"]
[BlackElo "1979"]
[PlyCount "73"]
[EventDate "2016.04.01"]
[EventType "swiss"]
[EventRounds "11"]
[EventCountry "DOM"]
[SourceTitle "CBM 171 Extra"]
[Source "ChessBase"]
[SourceDate "2016.04.26"]
[SourceVersion "1"]
[SourceVersionDate "2016.04.26"]
[SourceQuality "1"]

1. e4 g6 2. d4 Bg7 3. g3 d6 4. Bg2 Nd7 5. Nf3 Ngf6 6. e5 Ng8 7. Qe2 dxe5 8. dxe5 e6 9. 0-0 h6 10. Nc3 Ne7 11. Rd1 Nc6 12. h4 Qe7 13. Nb5 Nb6 14. b3 Nb4 15. Ba3 c5 16. c3 Na6 17. Nd6+ Kf8 18. Ne1 Kg8 19. Nd3 Qc7 20. Qf3 c4 21. Ne8 Qc6 22. Nf6+ Bxf6 23. Qxf6 Nd5 24. Bxd5 exd5 25. Nf4 Nc7 26. e6 Qe8 27. Re1 fxe6 28. Nxg6 Rh7 29. bxc4 dxc4 30. Rad1 Bd7 31. Ne7+ Rxe7 32. Bxe7 Nd5 33. Rxd5 exd5 34. Qxh6 Bf5 35. Re5 Qg6 36. Qf4 Kf7 37. Rxf5+ 1-0